Arquitecturas RISC /
Guardado en:
| Autor Principal: | |
|---|---|
| Autor Corporativo: | |
| Otros Autores: | |
| Formato: | Libro |
| Idioma: | Spanish |
| Publicado: |
Buenos Aires :
Kapelusz,
[1988]
|
| Edición: | [Ed. preliminar]. |
| Etiquetas: |
Agregar Etiqueta
Sin Etiquetas, Sea el primero en etiquetar este registro!
|
| LEADER | 00931nam a22002055a 4500 | ||
|---|---|---|---|
| 001 | MAT.inmabb004884 | ||
| 008 | 080725s1988####ag#a#####b####000#0#spa#d | ||
| 005 | 20180316162716.0 | ||
| 245 | 1 | 0 | |a Arquitecturas RISC / |c Gustavo A. del Pino, Luis A. Marrone. |
| 250 | |a [Ed. preliminar]. | ||
| 260 | |a Buenos Aires : |b Kapelusz, |c [1988] | ||
| 300 | |a 137 p. : |b il. ; |c 23 cm. | ||
| 500 | |a "... Forma parte de la colección editada para la IV Escuela Brasileño-Argentina de Informática, realizada en Termas de Río Hondo, Santiago del Estero, Argentina, del 16 al 29 de enero de 1989."--Cubierta. | ||
| 504 | |a Incluye referencias bibliográficas (p. 131-137). | ||
| 020 | |a 9501398714 | ||
| 100 | 1 | |a Del Pino, Gustavo A. | |
| 700 | 1 | |a Marrone, Luis A. | |
| 711 | 2 | |a Escola Brasileiro-Argentina de Informática |n (4ª : |d 1989 : |c Termas de Río Hondo) | |
| 859 | |h 68 |i D363 |p A-6193 |b BIB. MATEMATICA | ||
| 859 | |h 68 |i D363 |p A-6194 |t Ej. 2 |b BIB. MATEMATICA | ||
